Countries by Coastline-to-Land Ratio - Statistics

General Stats
  • This quiz has been taken 10 times
  • The average score is 8 of 15
Answer Stats
Answer Ratio (m/km²) % Correct
7. Kiribati 1.409
60%
10. Malta 801
60%
4. Marshall Islands 2.044
60%
6. Nauru 1.429
60%
2. Palau 3.309
60%
12. Saint Kitts and Nevis 517
60%
8. Seychelles 1.086
60%
9. Tuvalu 923
60%
1. FS. Micronesia 8.706
50%
15. Norway 257
50%
14. Singapore 272
50%
13. Grenada 352
40%
3. Maldives 2.147
40%
5. Monaco 1.980
40%
11. Tonga 561
40%
No matching quizzes found
Score Distribution
Percent of People with Each Score
Percentile by Number Answered
Your Score History
You have not taken this quiz